Comentarios para el "Ideario costarricense" /
En esta ponencia para el Ideario Costarricense, el expositor se refiere solamente a dos cuestiones referentes a la reforma del estado: a-. los problemas fundamentales que aquejan al estado costarricense hoy -el problema de gobernabilidad y el de la disfuncionalidad del estado para acomodar los cambi...
Saved in:
| Main Author: | |
|---|---|
| Corporate Author: | |
| Format: | Unknown |
| Language: | Spanish |
| Subjects: | |
| Tags: |
Add Tag
No Tags, Be the first to tag this record!
|
MARC
| LEADER | 00000 a2200000 04500 | ||
|---|---|---|---|
| 001 | 4486 | ||
| 003 | CIDCACS | ||
| 005 | 20221107120048.0 | ||
| 008 | 221107b |||||||| |||| 00| 0 spa d | ||
| 040 | |c CIDCACS | ||
| 100 | 1 | |9 10803 |a Aguilar Fong, Justo |e Autor | |
| 245 | 1 | |a Comentarios para el "Ideario costarricense" / |c Justo Aguilar Fong | |
| 300 | |a páginas 483-486 | ||
| 520 | |a En esta ponencia para el Ideario Costarricense, el expositor se refiere solamente a dos cuestiones referentes a la reforma del estado: a-. los problemas fundamentales que aquejan al estado costarricense hoy -el problema de gobernabilidad y el de la disfuncionalidad del estado para acomodar los cambios que requiere la sociedad costarricense en un mundo cambiante y, b-. impresiones personales acerca del papel que debe asumir el estado en relación con las actividades económicas y sociales del país, de acuerdo con los nuevos retos que le impone la realidad vigente. EBZ/mb | ||
| 650 | |a ESTADO | ||
| 650 | |a ADMINISTRACION PUBLICA | ||
| 650 | |a REFORMAS ADMINISTRATIVAS | ||
| 650 | |a GOBERNABILIDAD | ||
| 650 | |a MODERNIZACION | ||
| 650 | |a PARTICIPACION DEL ESTADO | ||
| 650 | |a INTERVENCION DEL ESTADO | ||
| 651 | 0 | |9 32 |a COSTA RICA | |
| 710 | |a Universidad Nacional (Costa Rica) | ||
| 773 | 0 | |0 17141 |9 4797 |a Costa Rica. |d Heredia: UNA, 1993 |o 22321 |t Ideario Costarricense / |w (cru CIDCACS/IIS)4416 | |
| 942 | |2 ddc |c LI | ||
| 999 | |c 13524 |d 13524 | ||
